| 000 | 00620nam a2200193Ia 4500 | ||
|---|---|---|---|
| 003 | IN-BaIIA | ||
| 008 | 211028s9999 xx 000 0 eng d | ||
| 020 | _a0-85066-093-9 | ||
| 040 | _cIIA Library | ||
| 080 |
_a520.1 _bGWO-1 |
||
| 100 |
_aForbes, Eric G _99700 |
||
| 245 | 0 |
_aGreenwich observatory _bvol. 2, origins and early history (1675-1835) _cEric G Forbes |
|
| 260 |
_aLondon _bTaylor and Francis _c1975 |
||
| 300 | _axv, 204p. | ||
| 650 | _aAstronomy and astrophysics thesaurus | ||
| 650 |
_aGreenwich observatory _99701 |
||
| 650 |
_aObservatory _9970 |
||
| 942 | _cBK | ||
| 999 |
_c5586 _d5586 |
||